| 000 | 00382nam a2200145Ia 4500 | ||
|---|---|---|---|
| 008 | 211109s9999||||xx |||||||||||||| ||und|| | ||
| 082 |
_a530.14 _bNEL-M |
||
| 100 | _aNelkon, M | ||
| 245 | 0 | _aMechanics and Properties of Matter | |
| 260 |
_bWilliam Heinemann Ltd _aLondon _c1969 |
||
| 300 | _a215p | ||
| 630 | _xGeneral Stack | ||
| 650 |
_aScience _vPhysics _xPhysics |
||
| 942 | _cBOOK | ||
| 999 |
_c20211 _d20211 |
||